000 00456nam a22001697a 4500
005 20241105102033.0
008 241105b |||||||| |||| 00| 0 eng d
020 _a9780323049948
050 _aRT84.
_bS67 SOR
100 _aSorrentino, Sheila A.
245 _aMosby's textbook for Nursing Assistants
250 _a7th
260 _aCanada
_bMosby Elsevier
_cc2008
300 _axxx, 848p
_bill.;
500 _aIncludes Glossary, index
942 _2lcc
_cBK
_n0
999 _c622
_d622